Eurovision Song Lyrics - Montenegro - Statistics

General Stats
  • This quiz has been taken 13 times
  • The average score is 158 of 210
Answer Stats
Answer % Correct
Is
100%
is
100%
The
100%
the
100%
they
100%
what
100%
you
100%
You
100%
air
92%
Air
92%
Breathe
92%
breathe
92%
it
92%
need
92%
unforgivable
92%
Unforgivable
92%
will
92%
for
83%
know
83%
life
83%
to
83%
To
83%
we
83%
We
83%
your
83%
battle
75%
be
75%
It's
75%
so
75%
than
75%
act
67%
away
67%
die
67%
Fight
67%
go
67%
Go
67%
No
67%
selfishly
67%
They'll
67%
without
67%
better
58%
bigger
58%
In
58%
pain
58%
say
58%
them
58%
fear
50%
feel
50%
feels
50%
nothing
50%
Nothing
50%
same
50%
that
50%
again
42%
And
42%
and
42%
anyway
42%
clouds
42%
Have
42%
Just
42%
leave
42%
of
42%
reborn
42%
save
42%
storm
42%
won't
42%
can't
33%
dream
33%
find
33%
make
33%
Our
33%
souls
33%
their
33%
themselves
33%
things
33%
warm
33%
keep
25%
lose
25%
sweat
25%
would
25%
forgivable
17%
sleep
17%
smell
17%
You'll
17%
fall
0%
No matching quizzes found
Score Distribution
Percent of People with Each Score
Percentile by Number Answered
Your Score History
You have not taken this quiz